「十」がつく市区町村名 - Statistics

General Stats
  • This quiz has been taken 58 times
  • The average score is 7 of 7
Answer Stats
都道府県または地方名 市町村名もしくは県名 % Correct
青森県 十和田市
96%
高知県 四万十市
96%
高知県 四万十町
96%
奈良県 十津川村
96%
新潟県 十日町市
93%
北海道 新十津川町
87%
鹿児島県 十島村
87%
No matching quizzes found
Score Distribution
Percent of People with Each Score
Percentile by Number Answered
Your Score History
You have not taken this quiz